00810nam a2200265Ia 4500008004100000020001800041050001500059050001400074100002200088245002900110245005600139245002200195260001600217260003000233260000900263300001500272300002600287300001100313440003100324650001600355650002000371650001400391999001900405952012000424160819s9999 xx 000 0 und d a981-232-129-2 aCUL TX 733 b.Z35 2002 aNoor, Zaida Mohd/ aBreakfast and brunches : bscrumptious meals to start your day the Asian way / cZaidah Mohd Noor. aSingapore : bTimes Media Private Ltd., c2002 a84 pages : bcolor illustrations ; c24 cm. aCelebrity chefs' cookbooks aBreakfasts. aCookery, Asian. xBrunches. c300745d300745 001040aSMCbSMCcCULd2008-01-09g756.00l0oCUL TX 733 .Z35 2002pSMC03853r2016-08-19 00:00:00w2016-08-19yBK